State Capitals Closest to San Francisco - Statistics

General Stats
  • This quiz has been taken 87 times
  • The average score is 9 of 10
Answer Stats
Distance (Miles) State Capital % Correct
75.2 Sacramento
100%
173.9 Carson City
98%
493.3 Salem
96%
518.4 Boise
95%
637.7 Olympia
95%
655.7 Phoenix
95%
601.7 Salt Lake City
95%
950.1 Denver
93%
926.1 Santa Fe
91%
807.4 Helena
89%
No matching quizzes found
Score Distribution
Percent of People with Each Score
Percentile by Number Answered
Your Score History
You have not taken this quiz